<?xml version="1.0" encoding="UTF-8"?>
<record
    xmlns:xsi="http://www.w3.org/2001/XMLSchema-instance"
    xsi:schemaLocation="http://www.loc.gov/MARC21/slim http://www.loc.gov/standards/marcxml/schema/MARC21slim.xsd"
    xmlns="http://www.loc.gov/MARC21/slim">

  <leader>02167nam a2200349 i 4500</leader>
  <controlfield tag="001">193227</controlfield>
  <controlfield tag="003">SpMaBN</controlfield>
  <controlfield tag="005">20250804062654.0</controlfield>
  <controlfield tag="007">ta</controlfield>
  <controlfield tag="008">210929s2020    sp     | |||| 000 f spa  </controlfield>
  <datafield tag="017" ind1=" " ind2=" ">
    <subfield code="a">M 7797-2020</subfield>
    <subfield code="b">Oficina Dep&#xF3;sito Legal Madrid</subfield>
  </datafield>
  <datafield tag="020" ind1=" " ind2=" ">
    <subfield code="a">9788491648352</subfield>
  </datafield>
  <datafield tag="035" ind1=" " ind2=" ">
    <subfield code="a">a6951340</subfield>
  </datafield>
  <datafield tag="040" ind1=" " ind2=" ">
    <subfield code="a">SpMaBN</subfield>
    <subfield code="b">spa</subfield>
    <subfield code="c">SpMaBN</subfield>
    <subfield code="e">rda</subfield>
  </datafield>
  <datafield tag="080" ind1=" " ind2=" ">
    <subfield code="a">821.134.2-31"20"</subfield>
  </datafield>
  <datafield tag="100" ind1=" " ind2=" ">
    <subfield code="a">Garc&#xED;a Mateache, Aurora,</subfield>
    <subfield code="d">1982-</subfield>
    <subfield code="4">aut</subfield>
    <subfield code="e">aut</subfield>
    <subfield code="9">234262</subfield>
  </datafield>
  <datafield tag="245" ind1="1" ind2="3">
    <subfield code="a">La finca /</subfield>
    <subfield code="c">Aurora Garc&#xED;a Mateache</subfield>
  </datafield>
  <datafield tag="250" ind1=" " ind2=" ">
    <subfield code="a">Primera edici&#xF3;n: julio de 2020</subfield>
  </datafield>
  <datafield tag="264" ind1=" " ind2="1">
    <subfield code="a">Madrid :</subfield>
    <subfield code="b">La Esfera de los Libros,</subfield>
    <subfield code="c">2020</subfield>
  </datafield>
  <datafield tag="300" ind1=" " ind2=" ">
    <subfield code="a">426 p&#xE1;ginas ;</subfield>
    <subfield code="c">23 cm</subfield>
  </datafield>
  <datafield tag="336" ind1=" " ind2=" ">
    <subfield code="a">Texto</subfield>
    <subfield code="2">rdacontent</subfield>
  </datafield>
  <datafield tag="337" ind1=" " ind2=" ">
    <subfield code="a">sin mediaci&#xF3;n</subfield>
    <subfield code="2">rdamedia</subfield>
  </datafield>
  <datafield tag="338" ind1=" " ind2=" ">
    <subfield code="a">volumen</subfield>
    <subfield code="2">rdacarrier</subfield>
  </datafield>
  <datafield tag="520" ind1=" " ind2=" ">
    <subfield code="a">Unas se&#xF1;as en un posavasos con una palabra indescifrable y un dibujo de dos siluetas femeninas cambiar&#xE1; para siempre el destino de la joven periodista Claudia Abril. Reci&#xE9;n designada corresponsal de la Casa del Rey, en un viaje del jefe de Estado a Rusia conocer&#xE1; a Mod, una misteriosa y exc&#xE9;ntrica heredera de una de las familias m&#xE1;s ricas y poderosas del pa&#xED;s.

Mod le abrir&#xE1; las puertas de un mundo completamente desconocido para ella, con atardeceres en safaris de caza en medio de la sabana africana, veladas en casinos de alta mar en el Golfo P&#xE9;rsico y fiestas en las que nunca amanece. Claudia, envuelta en una dulce e inquietante nebulosa y atada a un amor fat&#xED;dico, quedar&#xE1; atrapada como una pieza m&#xE1;s de una partida de ajedrez, que involucrar&#xE1; a los poderes del Estado, orquestada por una familia pose&#xED;da por el orgullo, la traici&#xF3;n y la obsesi&#xF3;n con Amalur, la finca alrededor de la cual todo gira y se destruye.</subfield>
  </datafield>
  <datafield tag="655" ind1=" " ind2="0">
    <subfield code="a">Novelas</subfield>
    <subfield code="9">234319</subfield>
  </datafield>
  <datafield tag="852" ind1=" " ind2=" ">
    <subfield code="a">ES-MaACL</subfield>
    <subfield code="b">R. 154622</subfield>
    <subfield code="c">DEPOJ</subfield>
    <subfield code="j">N-9388</subfield>
    <subfield code="9">200648</subfield>
    <subfield code="h">Donaci&#xF3;n: Editorial</subfield>
    <subfield code="x">Encuadernaci&#xF3;n r&#xFA;stica con solapas</subfield>
  </datafield>
  <datafield tag="942" ind1=" " ind2=" ">
    <subfield code="n">0</subfield>
    <subfield code="c">MONOGRAFIA</subfield>
  </datafield>
  <datafield tag="999" ind1=" " ind2=" ">
    <subfield code="c">193227</subfield>
    <subfield code="d">193227</subfield>
  </datafield>
  <datafield tag="952" ind1=" " ind2=" ">
    <subfield code="0">0</subfield>
    <subfield code="1">0</subfield>
    <subfield code="2">udc</subfield>
    <subfield code="4">0</subfield>
    <subfield code="7">0</subfield>
    <subfield code="a">ATENEOM</subfield>
    <subfield code="b">ATENEOM</subfield>
    <subfield code="c">DEPOJ</subfield>
    <subfield code="d">2023-10-18</subfield>
    <subfield code="e">DONACION</subfield>
    <subfield code="j">1</subfield>
    <subfield code="l">0</subfield>
    <subfield code="o">N-9388</subfield>
    <subfield code="p">101205937</subfield>
    <subfield code="r">2023-10-18 00:00:00</subfield>
    <subfield code="y">MONOGRAFIA</subfield>
  </datafield>
</record>
